| 000 | 00878cam a2200289 i 4500 | ||
|---|---|---|---|
| 001 | 171 | ||
| 003 | CO-MdFUSB | ||
| 005 | 20220622122703.0 | ||
| 008 | 160601t1957 us f |||| 00| 0 eng d | ||
| 040 |
_aCO-MdFUSB _bEspañol _cCO-MdFUSB _dCO-MdFUSB _erda |
||
| 041 | 0 | _aeng | |
| 082 | 0 | 4 |
_a225.3 _b M927c |
| 100 | 1 | _aMoulton, W. F. | |
| 245 | 0 | 0 |
_aA concordance to the Greek Testament _b _c : According to the texts of Westcott and Hort, Tischendorf and the english revisers |
| 250 | _a3 | ||
| 264 | 1 |
_aEdinburgh _b : T & T Clark, _c[1957] |
|
| 264 | 4 | _c© 1957 | |
| 300 |
_a1033 Pag. _c; |
||
| 336 |
_2rdacontent _atexto _btxt |
||
| 337 |
_2rdamedia _asin mediación _bn |
||
| 338 |
_2rdacarrier _avolumen _bnc |
||
| 505 | _aConcordance to the Greek Testament | ||
| 630 | 0 | 7 |
_aBiblia. _pNuevo Testamento |
| 653 | _aConcordancia | ||
| 942 | _cBK | ||
| 945 | _aEstudiante | ||
| 999 |
_c31708 _d31708 |
||